| 000 | 00676nam a22002297a 4500 | ||
|---|---|---|---|
| 003 | OSt | ||
| 005 | 20250828104152.0 | ||
| 008 | 250828t2010 ag |||||r|||| 00| f spa d | ||
| 020 | _a978-987-670-000-9 | ||
| 040 | _cBesoc | ||
| 080 | _082-312.4(73) | ||
| 100 | 1 | 0 |
_aQiu, Xiaolong, _d1953- _eautor |
| 245 | 1 | 0 |
_aSeda roja / _cQiu Xiaolong ; traducción de Victoria Ordóñez Divi. |
| 250 | _a1a ed. | ||
| 260 |
_aBuenos Aires : _bTusquets, _c2010. |
||
| 300 |
_a360 p. ; _c23 cm. |
||
| 490 | 0 |
_aColección Andanzas _v727 |
|
| 490 | 0 | _aSerie Inspector Jefe Chen Cao | |
| 650 | 4 |
_aLiteratura norteamericana _vNovela _ySiglo XXI |
|
| 655 | 4 | _aNovela policial | |
| 942 |
_2udc _cLPD _n0 |
||
| 999 |
_c566 _d566 |
||